| 000 | 00440nam a2200145Ia 4500 | ||
|---|---|---|---|
| 008 | 221007s9999 xx 000 0 und d | ||
| 041 | _aeng | ||
| 082 | _bKOM | ||
| 100 |
_aKomal Deshmukh - 2k151134; Archana Tatkar - Guide & Tata Consultancy Services _9105107 |
||
| 245 | _aEmployer Branding A Strategy For Talent Attraction | ||
| 260 |
_c2015 _bSavitribai Phule Pune University _aPune |
||
| 300 | _a48p | ||
| 440 | _v1 | ||
| 906 | _bGeneral | ||
| 999 |
_c80007 _d80007 |
||